| 000 | 00674nam a2200229Ia 4500 | ||
|---|---|---|---|
| 001 | 15935 | ||
| 003 | GE_BSU | ||
| 008 | 181216s||||||||xx |||||||||||||| ||und|| | ||
| 040 | _cGE_BSU | ||
| 080 | _a821.353.1-1 | ||
| 100 | _aხახიაშვილი, დ. | ||
| 245 | _aმოლოდინი | ||
| 245 | _bლექსები | ||
| 245 | _cრედ.მ.ქოიავა. მხ. ო.ჯიშკარიანი | ||
| 260 | _aთბილისი | ||
| 260 | _bმერანი | ||
| 260 | _c1971 | ||
| 300 | _a60გვ. ; 11სმ.1 ფ. პორტრ. | ||
| 653 | _aლექსები | ||
| 653 | _aმოლოდინი | ||
| 942 | _cBK | ||
| 999 |
_c49030 _d49030 |
||